Statistiques concernant Pays d'Europe - 90 secondes de sprint

Cliquez ici pour prendre le quiz!

Statistiques générales

  • Ce quiz a été pris 711 fois
  • Le résultat moyen est 36 sur 45

Réponses sur la Carte

Les réponses sont colorées sur une échelle allant du rouge au vert en fonction du pourcentage des utilisateurs qui les ont devinées à leur premier essai. Vous pouvez retrouver ces pourcentages ci-dessous.
 

Statistiques - réponses

pays% Correct
France
98%
Espagne
97%
Irlande
95%
Italie
95%
Portugal
95%
Suède
95%
Allemagne
93%
Russie
93%
Suisse
93%
Belgique
92%
Norvège
92%
Royaume-
Uni
92%
Finlande
91%
Islande
91%
Pologne
91%
Grèce
86%
Ukraine
86%
Estonie
85%
Pays-Bas
85%
Autriche
84%
Lituanie
84%
Danemark
83%
Lettonie
82%
Andorre
81%
Roumanie
80%
Biélorussie
79%
Croatie
79%
Luxembourg
77%
Monaco
76%
Vatican
75%
Albanie
74%
Bulgarie
73%
Serbie
73%
Slovénie
73%
Hongrie
72%
Slovaquie
72%
Tchèquie
68%
Kosovo
67%
Malte
67%
Saint-Marin
66%
Moldavie
65%
Bosnie-
Herzégovine
64%
Liechtenstein
58%
Monténégro
57%
Macédoine
du Nord
32%

Distribution des résultats

Percentile par nombre de réponses

% des personnes avec chaque résultat

Votre développement - résultats

Vous n’avez pas pris ce quiz